Loading...
| History - European | 0 | 5 | 1 | 1 | 45 | 42 | 68.60 | 2 | 4 | 0.00 | 0.00 |
| Social Science | 0 | 4 | 0 | 1 | 40 | 60 | 92.50 | 0 | 1 | 0.00 | 0.00 |
| Science - Biology | 0 | 4 | 0 | 1 | 40 | 82 | 97.25 | 0 | 0 | 0.00 | 0.00 |
| History - Other | 0 | 4 | 0 | 0 | 40 | 41 | 62.75 | 2 | 4 | 0.00 | 0.00 |
| Literature - European | 0 | 3 | 1 | 0 | 25 | 19 | 34.67 | 3 | 3 | 0.00 | 0.00 |
| History - World | 0 | 3 | 1 | 0 | 25 | 39 | 47.67 | 2 | 3 | 0.00 | 0.00 |
| Fine Arts - Painting and Sculpture | 0 | 2 | 0 | 0 | 20 | 59 | 64.00 | 1 | 2 | 0.00 | 0.00 |
| Science - Chemistry | 0 | 2 | 0 | 1 | 20 | 107 | 109.00 | 0 | 0 | 0.00 | 0.00 |
| Science - Physics | 0 | 2 | 0 | 1 | 20 | 110 | 116.50 | 0 | 0 | 0.00 | 0.00 |
| History - American | 0 | 3 | 2 | 0 | 20 | 33 | 45.33 | 1 | 3 | 0.00 | 0.00 |
| Philosophy | 0 | 2 | 1 | 0 | 15 | 71 | 76.00 | 1 | 2 | 0.00 | 0.00 |
| Literature - American | 0 | 1 | 0 | 0 | 10 | 21 | 21.00 | 1 | 1 | 0.00 | 0.00 |
| Geography | 0 | 1 | 0 | 0 | 10 | 81 | 81.00 | 0 | 1 | 0.00 | 0.00 |
| Literature - World | 0 | 1 | 0 | 0 | 10 | 37 | 37.00 | 1 | 1 | 0.00 | 0.00 |
| Science - Other | 0 | 1 | 1 | 0 | 5 | 71 | 71.00 | 0 | 1 | 0.00 | 0.00 |
| Current Events | 0 | 0 | 1 | 0 | -5 | 0.00 | 0 | 0 | 0.00 | 0.00 | |
| Other Academic | 0 | 0 | 1 | 0 | -5 | 0.00 | 0 | 0 | 0.00 | 0.00 |